000 01004cam a2200133 4500500
005 20260405015721.0
041 _afre
042 _adc
100 1 0 _aPruner, Michel
_eauthor
245 0 0 _aL'analyse du texte de théâtre
260 _bArmand Colin,
_c2025.
520 _aLe texte théâtral a un statut particulier: il est à la fois matériau du spectacle et œuvre littéraire. Son approche exige une démarche spécifique qui tient compte de ce double aspect. Cet ouvrage aborde les différents problèmes que soulève la théâtralité du langage dramatique: élaboration de la fable, traitement de l’espace et du temps, construction du personnage, fonctionnement du dialogue théâtral, autant de questions sur lesquelles, à travers de nombreux exemples, il apporte des repères utiles, afin de guider les étudiants dans leur lecture des textes de théâtre.
856 4 1 _uhttps://shs.cairn.info/l-analyse-du-texte-de-theatre-2e-ed--9782200641139?lang=fr&redirect-ssocas=7080
999 _c2117596
_d2117596